| 000 | 00598nam a22001817a 4500 | ||
|---|---|---|---|
| 003 | OSt | ||
| 005 | 20260121012943.0 | ||
| 008 | 260121b |||||||| |||| 00| 0 eng d | ||
| 020 | _a971-817-058-8 | ||
| 040 |
_aDWC-Main lib _cOC |
||
| 082 | _aFil. 371.422 Ev92 2001 | ||
| 100 | _aEvangelista, Lourdes L. | ||
| 245 |
_aIntroduction to guidance and counselling (with questions & answers) _cLourdes L. Evangelista |
||
| 260 |
_aPhilippines : _bBooklore Publishing Corp., _cc2001 |
||
| 300 |
_a88 p., _c 25 cm. |
||
| 650 | _a1. Psychology-guidance & couseling. | ||
| 942 |
_2ddc _cBK - FIL _hCirc. _n0 |
||
| 999 |
_c7616 _d7616 |
||